|
|
|
|
| LEADER |
00000nab a2200000 a 4500 |
| 001 |
vtls000415345 |
| 003 |
SK-MaSNL |
| 005 |
20260302234549.0 |
| 008 |
120925c1988 xo 0 slo |
| 015 |
|
|
|a SNBRA19rr/mm-uuuuu
|
| 035 |
|
|
|a CL0415470
|
| 040 |
|
|
|a SNKBUCL
|b slo
|c SNKBUCL
|e AACR2
|
| 041 |
0 |
|
|a slo
|
| 044 |
|
|
|a xo
|c SK
|
| 080 |
|
|
|a 539.37
|2 1981
|
| 080 |
|
|
|a 67.8.06
|2 1981
|
| 100 |
1 |
|
|a Dutko, M.
|4 aut
|9 828616
|
| 245 |
1 |
0 |
|a Deformácia tesniacich krúžkov hydraulických valcov
|c M. Dutko
|
| 300 |
|
|
|b Obr. 1. Sch. 1., lit. 4 zázn. v slov., angl.
|
| 650 |
0 |
7 |
|a valce hydraulické
|2 snkbucl
|9 956911
|
| 650 |
0 |
7 |
|a krúžky tesniace gumové
|2 snkbucl
|9 969969
|
| 650 |
0 |
7 |
|a deformácie
|2 snkbucl
|9 14637
|
| 655 |
|
7 |
|a články zo zborníkov
|2 snkbucl
|9 166140
|
| 773 |
0 |
|
|t Intenzifikačná funkcia spojenia výchovy, vedy a praxe 1
|d Bratislava : Dom techniky ČSVTS, 1988
|g S. 41-43
|
| 850 |
|
|
|a Slovenská národná knižnica v Martine
|a MTA001
|
| 852 |
|
|
|a SNK
|b KIS3GCP
|
| 958 |
|
|
|a RK
|
| 992 |
|
|
|a RZB
|
| 999 |
|
|
|c 1551142
|d 1553072
|